[Event "POHÁR města Říčany 2021"]
[Site "Městské kulturní středisko U labutě"]
[Date "2021.08.24"]
[Round "5.1"]
[White "Svatos, Jan"]
[Black "Skypala, Ondrej"]
[Result "0-1"]
[WhiteElo "2198"]
[BlackElo "2158"]
[PlyCount "0"]
[EventDate "2021.08.21"]

1. e4 e6 2. d4 d5 3. exd5 exd5 4. Nc3 c6 5. Bd3 Bd6 6. Nge2 Qc7 7. Bg5 Bg4
8. h3 Bh5 9. Qd2 f6 10. Bf4 Ne7 11. O-O Nd7 12. Rfe1 O-O-O 13. Bxd6 Qxd6 14. Qf4
Kc7 15. Qg3 g5 16. f4 h6 17. f5 Nc8 18. Qxd6+ Nxd6 19. g4 Bf7 20. Ng3 h5
21. gxh5 Bxh5 22. Kg2 Bf7 23. Re7 Rh4 24. Be2 Rxd4 25. Rd1 Rxd1 26. Nxd1 Re8
27. Rxe8 Bxe8 28. Ne3 Ne5 29. c3 Kd7 30. Ngf1 Ke7 31. Nd2 Bd7 32. Bg4 Nef7
33. Ndf1 Nh6 34. Ng3 b5 35. b4 Ne4 36. Nxe4 dxe4 0-1

[Event "POHÁR města Říčany 2021"]
[Site "Městské kulturní středisko U labutě"]
[Date "2021.08.24"]
[Round "5.2"]
[White "Hajiyev, Kanan"]
[Black "Rut, Vojtech"]
[Result "0-1"]
[WhiteElo "2124"]
[BlackElo "2061"]
[PlyCount "0"]
[EventDate "2021.08.21"]

1. d4 e6 2. Nf3 f5 3. g3 Nf6 4. Bg2 d5 5. O-O Bd6 6. c4 O-O 7. c5 Be7 8. Nc3 b6
9. b4 a5 10. cxb6 axb4 11. bxc7 Qxc7 12. Nb1 Nc6 13. Bg5 Ba6 14. Nbd2 Ne4
15. Nxe4 fxe4 16. Bxe7 exf3 17. Bxf8 fxe2 18. Qa4 exf1=Q+ 19. Bxf1 Bb7 20. Qc2
Kxf8 21. Bd3 h6 22. Re1 Qf7 23. Qb2 Qf6 0-1

[Event "POHÁR města Říčany 2021"]
[Site "Městské kulturní středisko U labutě"]
[Date "2021.08.24"]
[Round "5.3"]
[White "Taborsky, Rostislav"]
[Black "Hollan, Petr"]
[Result "1-0"]
[WhiteElo "2090"]
[BlackElo "2318"]
[PlyCount "0"]
[EventDate "2021.08.21"]

1. d4 Nf6 2. c4 e6 3. Nc3 d5 4. Nf3 c5 5. cxd5 exd5 6. Bg5 Be7 7. e4 Be6 8. e5
Ne4 9. Bxe7 Qxe7 10. Bd3 Nxc3 11. bxc3 O-O 12. h3 Nc6 13. O-O b6 14. Qd2 h6
15. Rad1 Rac8 16. Bb1 Na5 17. Qd3 g6 18. Qe3 Kg7 19. Rd2 cxd4 20. cxd4 Rc6 1-0

[Event "POHÁR města Říčany 2021"]
[Site "Městské kulturní středisko U labutě"]
[Date "2021.08.24"]
[Round "5.4"]
[White "Voracek, Zdenek"]
[Black "Petr, Jakub"]
[Result "0-1"]
[WhiteElo "1935"]
[BlackElo "2236"]
[PlyCount "0"]
[EventDate "2021.08.21"]

1. d4 Nf6 2. c4 e6 3. Nf3 d5 4. Nc3 c6 5. e3 Bd6 6. b3 Nbd7 7. Be2 O-O 8. O-O
b6 9. a3 Bb7 10. Ra2 Qe7 11. cxd5 exd5 12. b4 Rac8 13. Qb3 Rfe8 14. Nh4 Qe6
15. f4 c5 16. bxc5 bxc5 17. Qxb7 cxd4 18. f5 Qe7 19. Nxd5 Nxd5 20. Qxd5 Rxc1
21. exd4 Qe3+ 22. Kh1 Qxe2 0-1

[Event "POHÁR města Říčany 2021"]
[Site "Městské kulturní středisko U labutě"]
[Date "2021.08.24"]
[Round "5.5"]
[White "Vitak, Jiri"]
[Black "Stanek, Ondrej"]
[Result "1-0"]
[WhiteElo "2221"]
[BlackElo "2072"]
[PlyCount "0"]
[EventDate "2021.08.21"]

1. d4 Nf6 2. c4 e6 3. g3 d5 4. Nf3 Bb4+ 5. Bd2 Be7 6. Bg2 O-O 7. O-O c6 8. Qc2
b6 9. b3 Nbd7 10. a4 Bb7 11. a5 Qc8 12. Nc3 dxc4 13. bxc4 c5 14. d5 exd5
15. cxd5 b5 16. d6 Bxd6 17. Nxb5 Bb8 18. Bc3 Be4 19. Qb2 Qc6 20. Rac1 a6 21. Na3
Bc7 22. Rfd1 Rab8 23. Qa1 h6 24. Nc4 Qb5 25. Bf1 Rfe8 26. Nd6 Bxd6 27. Rxd6 Re6
28. Rxe6 fxe6 29. Ne5 Nxe5 30. Bxe5 Rf8 31. Bd6 Rc8 32. Be5 Kf7 33. f3 Bb7
34. e4 Qb3 35. Bc3 c4 36. Rb1 1-0

[Event "POHÁR města Říčany 2021"]
[Site "Městské kulturní středisko U labutě"]
[Date "2021.08.24"]
[Round "5.6"]
[White "Hrdina, Robin"]
[Black "Novotny, Martin"]
[Result "1/2-1/2"]
[WhiteElo "2192"]
[BlackElo "2097"]
[PlyCount "0"]
[EventDate "2021.08.21"]

1. e4 c5 2. c3 Nf6 3. e5 Nd5 4. d4 cxd4 5. Nf3 Nc6 6. cxd4 d6 7. Bc4 Nb6 8. Bb3
dxe5 9. d5 Na5 10. Nc3 Nxb3 11. Qxb3 e6 12. Nxe5 exd5 13. Be3 Bd6 14. Qb5+ Kf8
15. Nf3 Bd7 16. Qd3 Bc6 17. O-O Nc4 18. Bd4 h5 19. b3 Nb6 20. Rfe1 Rh6 21. h4
Kg8 22. Ng5 Qd7 23. a4 Qg4 24. g3 Nd7 25. Qe3 Nf8 26. Nb5 Bxb5 27. axb5 Ne6
28. Rxa7 Rxa7 29. Bxa7 Nxg5 30. Qxg5 Qxg5 31. hxg5 Re6 32. Rd1 Re5 33. Be3 Be7
34. Rd3 d4 35. Rxd4 Rxb5 36. Rd7 Kf8 37. Rc7 Ke8 38. b4 Bxb4 39. g6 fxg6
40. Rxg7 Bc3 41. Rxg6 Rb1+ 42. Kg2 b5 43. Kf3 b4 44. Ke2 Kf7 45. Rb6 Bf6 46. Kd3
b3 47. Bd2 b2 48. Bc3 Rd1+ 49. Kc2 b1=Q+ 50. Rxb1 Rxb1 51. Kxb1 Bxc3 52. Kc2 Be5
1/2-1/2

[Event "POHÁR města Říčany 2021"]
[Site "Městské kulturní středisko U labutě"]
[Date "2021.08.24"]
[Round "5.7"]
[White "Vojta, Jakub"]
[Black "Jun, Rudolf"]
[Result "1-0"]
[WhiteElo "2150"]
[BlackElo "2090"]
[PlyCount "0"]
[EventDate "2021.08.21"]

1. e4 c5 2. Nf3 Nc6 3. d4 cxd4 4. Nxd4 Nf6 5. Nc3 d6 6. g3 a6 7. Bg2 e5 8. Nde2
Be7 9. O-O O-O 10. a4 Be6 11. Nd5 Bxd5 12. exd5 Nb8 13. a5 Nbd7 14. c4 Rc8
15. b3 Ne8 16. Be3 Bg5 17. f4 exf4 18. Nxf4 Nef6 19. Bd4 Re8 20. Ra2 Ne5 21. Bh3
Ra8 22. Kh1 Ng6 23. Nxg6 hxg6 24. Re1 Re3 25. Bg2 Rxe1+ 26. Qxe1 Qd7 27. Re2 Re8
28. Rxe8+ Qxe8 29. Qxe8+ Nxe8 30. c5 Bd2 31. c6 bxc6 32. dxc6 Bxa5 33. Bf1 Nc7
34. b4 Bxb4 35. Bb6 Nd5 36. Bd8 Bc5 37. c7 Nxc7 38. Bxc7 d5 39. Bxa6 1-0

[Event "POHÁR města Říčany 2021"]
[Site "Městské kulturní středisko U labutě"]
[Date "2021.08.24"]
[Round "5.8"]
[White "Horak, Jan"]
[Black "Cermak, Jan"]
[Result "1-0"]
[WhiteElo "2143"]
[BlackElo "1938"]
[PlyCount "0"]
[EventDate "2021.08.21"]

1. c4 g6 2. Nc3 Bg7 3. h4 Nf6 4. d3 d6 5. e4 Nc6 6. Be2 h5 7. Bg5 Nd4 8. Qd2
Bg4 9. f3 Bd7 10. Nh3 c5 11. Bd1 Qc7 12. Nf4 Bc6 13. Rb1 e5 14. Nfe2 Nd7 15. Ba4
Nb6 16. Bd1 Bd7 17. b4 Ne6 18. bxc5 Nxc5 19. Nc1 f5 20. Nb3 f4 21. Nxc5 Qxc5
22. Qf2 Qxf2+ 23. Kxf2 Bc6 24. Ke2 Nd7 25. Ba4 Nc5 26. Rb4 Kd7 27. Rhb1 Bxa4
28. Nxa4 b6 29. Nxc5+ dxc5 30. Ra4 Rhf8 31. g3 Kc6 32. Rg1 Rf7 33. gxf4 exf4
34. Bxf4 Rxf4 35. Rxg6+ Bf6 36. Ke3 Rxh4 37. Rxf6+ Kc7 38. Rf7+ Kc6 39. Raxa7
Re8 1-0

[Event "POHÁR města Říčany 2021"]
[Site "Městské kulturní středisko U labutě"]
[Date "2021.08.24"]
[Round "5.9"]
[White "Placer, Sebastian"]
[Black "Rousek, Jan"]
[Result "1/2-1/2"]
[WhiteElo "2129"]
[BlackElo "1745"]
[PlyCount "0"]
[EventDate "2021.08.21"]

1. e4 c6 2. d4 d5 3. exd5 cxd5 4. c4 Nf6 5. Nc3 Nc6 6. Nf3 Be6 7. c5 g6 8. Bb5
Bg7 9. Ne5 Qc8 10. Qa4 Bd7 11. Nxd7 Qxd7 12. O-O O-O 13. Bf4 Nh5 14. Be3 a6
15. Be2 Nf6 16. Rfd1 Rfd8 17. Bf3 Qf5 18. Qb3 Rab8 1/2-1/2

[Event "POHÁR města Říčany 2021"]
[Site "Městské kulturní středisko U labutě"]
[Date "2021.08.24"]
[Round "5.10"]
[White "Vojta, Tomas"]
[Black "Hejsek, Lukas"]
[Result "1-0"]
[WhiteElo "2312"]
[BlackElo "1906"]
[PlyCount "0"]
[EventDate "2021.08.21"]

1. e4 c5 2. f4 Nc6 3. Nf3 g6 4. Bb5 Bg7 5. O-O Nf6 6. d3 O-O 7. Bxc6 dxc6
8. Nc3 Bg4 9. Be3 Nd7 10. h3 Bxf3 11. Qxf3 Bd4 12. Kh1 Nb6 13. Rae1 c4 14. Bc1
cxd3 15. cxd3 Bg7 16. f5 Nd7 17. Rd1 gxf5 18. Qxf5 e6 19. Qh5 Ne5 20. d4 Ng6
21. Bg5 f6 22. Be3 Qe8 23. Rf3 f5 24. Rdf1 Rd8 25. e5 c5 26. dxc5 Nxe5 27. Qxe8
Rfxe8 28. Re1 Nc4 29. Bg5 Bxc3 30. Bxd8 Bb4 31. Bg5 Bxc5 1-0

[Event "POHÁR města Říčany 2021"]
[Site "Městské kulturní středisko U labutě"]
[Date "2021.08.24"]
[Round "5.11"]
[White "Ocelak, Jakub"]
[Black "Bezdek, Tomas"]
[Result "1-0"]
[WhiteElo "2102"]
[BlackElo "1644"]
[PlyCount "0"]
[EventDate "2021.08.21"]

1. e4 d6 2. d4 Nf6 3. Nc3 Nbd7 4. f4 e5 5. Nf3 exd4 6. Qxd4 c6 7. Be3 Nb6 8. a4
Be6 9. f5 c5 10. Bb5+ Bd7 11. Qd3 a6 12. Bxd7+ Nbxd7 13. O-O Be7 14. Bf4 Qc7
15. Nd2 Ne5 16. Bxe5 dxe5 17. Qc4 Rd8 18. Nb3 O-O 19. a5 Qc6 20. Ra4 Rd4
21. Nxd4 exd4 22. Nd5 Nxd5 23. exd5 1-0

[Event "POHÁR města Říčany 2021"]
[Site "Městské kulturní středisko U labutě"]
[Date "2021.08.24"]
[Round "5.12"]
[White "Aubrecht, Petr"]
[Black "Strnad, Michael"]
[Result "1-0"]
[WhiteElo "2016"]
[BlackElo "1868"]
[PlyCount "0"]
[EventDate "2021.08.21"]

1. b3 e5 2. Bb2 Nc6 3. e3 Nf6 4. Nf3 e4 5. Nd4 Nxd4 6. Bxd4 d5 7. c4 c5 8. Bb2
d4 9. d3 dxe3 10. fxe3 Bd6 11. dxe4 Nxe4 12. Qf3 Qa5+ 13. Ke2 f5 14. Bxg7 Rg8
15. Qh5+ Kd8 16. Qf7 Re8 17. Bf6+ Nxf6 18. Qxf6+ Kc7 19. Nc3 Bd7 20. Rd1 Re6
21. Nb5+ Kb8 22. Qf7 Qxa2+ 23. Rd2 Rxe3+ 24. Kxe3 Bf4+ 25. Kxf4 Qxd2+ 26. Kf3
Bc6+ 27. Kg3 Qe3+ 28. Kh4 Qh6+ 29. Qh5 Qf4+ 30. Kh3 a6 31. Nc3 Qc1 32. Qxf5
Qxc3+ 33. Qd3 Qc1 34. Qd6+ Ka7 35. Qxc5+ Kb8 36. Qd6+ Ka7 37. Qc5+ Kb8 38. Qd6+
Kc8 39. Qf8+ Kc7 40. Qxa8 Bd7+ 41. g4 1-0

[Event "POHÁR města Říčany 2021"]
[Site "Městské kulturní středisko U labutě"]
[Date "2021.08.24"]
[Round "5.13"]
[White "Blumel, Otto"]
[Black "Elias, Jakub"]
[Result "1/2-1/2"]
[WhiteElo "1965"]
[BlackElo "1982"]
[PlyCount "0"]
[EventDate "2021.08.21"]

1. e4 c6 2. d4 d5 3. exd5 cxd5 4. c3 Nc6 5. Nf3 Bg4 6. Qb3 Qd7 7. Ne5 Nxe5
8. dxe5 a6 9. Na3 Rc8 10. Be3 e6 11. Nb5 Be7 12. a4 Nh6 13. f3 Bh5 14. g4 Bg6
15. h4 f6 16. h5 Bf7 17. exf6 Bxf6 18. Na3 Be7 19. Bd3 e5 20. Bxh6 gxh6 21. Bf5
Be6 22. Bxe6 Qxe6 23. O-O-O O-O 24. Rhf1 Bxa3 25. bxa3 Rc5 26. Kb2 b5 27. Rd3
Rf4 28. a5 Rfc4 29. Rfd1 Qc6 30. R3d2 Kg7 31. Re2 e4 32. fxe4 Rxe4 33. Red2 Rec4
1/2-1/2

[Event "POHÁR města Říčany 2021"]
[Site "Městské kulturní středisko U labutě"]
[Date "2021.08.24"]
[Round "5.14"]
[White "Nentvich, Libor"]
[Black "Chval, Zdenek"]
[Result "1/2-1/2"]
[WhiteElo "1771"]
[BlackElo "2147"]
[PlyCount "0"]
[EventDate "2021.08.21"]

1. e4 c5 2. Nf3 d6 3. d4 cxd4 4. Nxd4 Nf6 5. Nc3 a6 6. Bc4 e6 7. Bb3 Qc7 8. Be3
Nbd7 9. Qe2 Nc5 10. f3 b5 11. a3 Nxb3 12. Nxb3 Be7 13. O-O-O O-O 14. g4 Nd7
15. h4 Ne5 16. Nd2 Bd7 17. f4 Nc4 18. Nxc4 bxc4 19. f5 Rab8 20. Bd4 Qb7 21. Nb1
e5 22. Bc3 Bc6 23. Nd2 d5 24. exd5 Bxd5 25. Rh3 Rfe8 26. g5 Qb5 27. Ne4 Bxe4
28. Qxe4 f6 29. gxf6 Bxf6 30. Qd5+ Qxd5 31. Rxd5 1/2-1/2

[Event "POHÁR města Říčany 2021"]
[Site "Městské kulturní středisko U labutě"]
[Date "2021.08.24"]
[Round "5.15"]
[White "Kubice, Jakub"]
[Black "Steiner, Juraj"]
[Result "0-1"]
[WhiteElo "1776"]
[BlackElo "1959"]
[PlyCount "0"]
[EventDate "2021.08.21"]

1. d4 d5 2. Nf3 e6 3. c4 Bb4+ 4. Nc3 Nf6 5. Qb3 c5 6. Bg5 dxc4 7. Qxc4 Nbd7
8. e3 O-O 9. Be2 Qa5 10. O-O cxd4 11. exd4 a6 12. a3 Bxc3 13. Qxc3 Qxc3 14. bxc3
Ne4 15. c4 b6 16. Be3 Bb7 17. Ne5 Rfd8 18. Bf3 f6 19. Nxd7 Rxd7 20. d5 exd5
21. cxd5 Re8 22. Bxe4 Rxe4 23. Bxb6 Rxd5 24. Rfd1 Kf7 25. Rxd5 Bxd5 26. f3 Re2
27. a4 g5 28. h3 h5 29. Rf1 g4 30. hxg4 hxg4 31. Rf2 gxf3 32. gxf3 Re6 33. a5
Kg6 34. Kg2 Rc6 35. Kg3 Rc3 36. Kf4 Rc4+ 37. Kg3 Kf5 38. Rf1 Ke5 39. Re1+ Kd6
40. Re3 f5 41. Rd3 f4+ 42. Kg4 Ke5 43. Ra3 Rc2 0-1

[Event "POHÁR města Říčany 2021"]
[Site "Městské kulturní středisko U labutě"]
[Date "2021.08.24"]
[Round "5.16"]
[White "Novotny, David"]
[Black "Konvalinka, Vladislav"]
[Result "1/2-1/2"]
[WhiteElo "1923"]
[BlackElo "1718"]
[PlyCount "0"]
[EventDate "2021.08.21"]

1. d4 e6 2. e4 b6 3. Nf3 Bb7 4. Bd3 Nf6 5. Qe2 Be7 6. O-O O-O 7. c4 d6 8. Rd1
c5 9. Nc3 Nc6 10. e5 dxe5 11. dxe5 Nd7 12. Qe4 g6 13. Bh6 Re8 14. h4 Qb8 15. Qe3
Ncxe5 16. Nxe5 1/2-1/2

[Event "POHÁR města Říčany 2021"]
[Site "Městské kulturní středisko U labutě"]
[Date "2021.08.24"]
[Round "5.17"]
[White "Vavrinec, Tomas"]
[Black "Pisar, Tomas"]
[Result "1/2-1/2"]
[WhiteElo "1875"]
[BlackElo "1528"]
[PlyCount "0"]
[EventDate "2021.08.21"]

1. c4 Nf6 2. Nc3 d5 3. cxd5 Nxd5 4. g3 g6 5. Qa4+ Bd7 6. Qd4 Nf6 7. Bg2 Nc6
8. Qh4 Bg7 9. Nf3 O-O 10. d4 Bg4 11. O-O Bxf3 12. Bxf3 Qxd4 13. Qxd4 Nxd4
14. Bxb7 Rab8 15. Bg2 Rfd8 16. Rb1 Nb5 17. Nxb5 Rxb5 18. Bf4 e5 19. Be3 Nd5
20. Rfd1 Bf6 21. Bh6 g5 22. e4 Nb4 23. Rxd8+ Bxd8 24. Rd1 Nc6 25. f4 Rxb2
26. fxe5 Be7 27. Rc1 Rb6 28. e6 fxe6 29. e5 Nxe5 30. Rxc7 Bd8 31. Rc8 Nf7
32. Bxg5 Rd6 33. Bf6 1/2-1/2

[Event "POHÁR města Říčany 2021"]
[Site "Městské kulturní středisko U labutě"]
[Date "2021.08.24"]
[Round "5.18"]
[White "Holub, Adam"]
[Black "Pavlicek, Petr"]
[Result "1/2-1/2"]
[WhiteElo "1754"]
[BlackElo "1863"]
[PlyCount "0"]
[EventDate "2021.08.21"]

1. e4 e5 2. Nf3 Nc6 3. Bc4 Bc5 4. O-O Nf6 5. d3 h6 6. h3 O-O 7. Re1 Re8 8. c3
Bb6 9. Bb3 d6 10. Nbd2 a6 11. Nf1 Be6 12. Be3 Bxe3 13. Nxe3 Qd7 14. Nd5 Bxd5
15. Bxd5 Nxd5 16. exd5 Ne7 17. Qb3 Qb5 1/2-1/2

[Event "POHÁR města Říčany 2021"]
[Site "Městské kulturní středisko U labutě"]
[Date "2021.08.24"]
[Round "5.19"]
[White "Papousek, Michal"]
[Black "Chval, Zdenek"]
[Result "0-1"]
[WhiteElo "1689"]
[BlackElo "1846"]
[PlyCount "0"]
[EventDate "2021.08.21"]

1. d4 Nf6 2. c4 g6 3. Nc3 Bg7 4. e4 d6 5. Nf3 O-O 6. Be2 e5 7. O-O Nc6 8. d5
Ne7 9. b4 Nh5 10. Re1 f5 11. a4 Nf6 12. Nd2 f4 13. c5 g5 14. Nc4 g4 15. cxd6
cxd6 16. Nb5 Nxe4 17. Bxg4 a6 18. Bxc8 Nxc8 19. Rxe4 axb5 20. Nd2 Nb6 21. a5 Qf6
22. Nf3 Qg6 23. Qd3 Nd7 24. Nh4 Qg4 25. g3 Nf6 26. Re1 e4 27. Qxb5 e3 28. f3 Qg5
29. Ra3 fxg3 30. hxg3 Qxg3+ 31. Ng2 Ng4 0-1

[Event "POHÁR města Říčany 2021"]
[Site "Městské kulturní středisko U labutě"]
[Date "2021.08.24"]
[Round "5.20"]
[White "Hrbek, Tomas"]
[Black "Feierfeil, Jiri"]
[Result "1/2-1/2"]
[WhiteElo "1833"]
[BlackElo "1623"]
[PlyCount "0"]
[EventDate "2021.08.21"]

1. e4 c5 2. Nc3 Nc6 3. g3 Nf6 4. Bg2 e5 5. d3 d6 6. f4 Bg4 7. Nf3 Nd4 8. O-O
Qd7 9. fxe5 Bxf3 10. Bxf3 dxe5 11. Bg5 Be7 12. Bxf6 Bxf6 13. Bg4 Qd6 14. Nd5 Bd8
15. c3 Ne6 16. Qa4+ Qc6 17. Qxc6+ bxc6 18. Bxe6 fxe6 19. Ne3 h5 20. Nc4 Bc7
21. Rf3 Rf8 22. Raf1 Rxf3 23. Rxf3 Kd7 24. Kg2 1/2-1/2

[Event "POHÁR města Říčany 2021"]
[Site "Městské kulturní středisko U labutě"]
[Date "2021.08.24"]
[Round "5.21"]
[White "Ruzicka, Filip"]
[Black "Jankovsky, Zbynek"]
[Result "1-0"]
[WhiteElo "1783"]
[BlackElo "1564"]
[PlyCount "0"]
[EventDate "2021.08.21"]

1. e4 e6 2. d4 b6 3. Nf3 Bb7 4. Bd3 c5 5. c3 Nf6 6. Qe2 d6 7. O-O Be7 8. Bg5
Nbd7 9. Nbd2 h6 10. Bh4 Nh7 11. Bg3 O-O 12. e5 dxe5 13. dxe5 Ng5 14. Rad1 Qc7
15. Nxg5 Bxg5 16. Ne4 Be7 17. Bb5 Nb8 18. Nf6+ Kh8 19. Qd3 g6 20. Qe3 Kg7
21. Ne8+ Rxe8 22. Bxe8 Bg5 23. Bf4 Bxf4 24. Qxf4 Qe7 25. Ba4 a6 26. Rd6 b5
27. Bc2 Bd5 28. Be4 Bxe4 29. Qxe4 Ra7 30. Rfd1 Nd7 31. f4 g5 32. R1d3 g4 33. Qc6
Nb8 34. Qxc5 Rb7 35. Qc8 h5 36. Rd8 Kg6 37. R3d4 Kf5 38. Rh8 Qh4 39. g3 1-0

[Event "POHÁR města Říčany 2021"]
[Site "Městské kulturní středisko U labutě"]
[Date "2021.08.24"]
[Round "5.22"]
[White "Pejrimovsky, Tadeas Rubel"]
[Black "Le, Anh Dung"]
[Result "1-0"]
[WhiteElo "1532"]
[BlackElo "1779"]
[PlyCount "0"]
[EventDate "2021.08.21"]

1. e4 c5 2. b4 cxb4 3. a3 bxa3 4. Bxa3 d6 5. d4 g6 6. f4 Bh6 7. g3 Nf6 8. Bg2
O-O 9. Ne2 Nc6 10. O-O d5 11. e5 Ng4 12. Qd2 Bg7 13. h3 Nh6 14. g4 f6 15. exf6
exf6 16. Bxf8 Bxf8 17. Nbc3 Nb4 18. Na2 Nc6 19. c3 a5 20. Nac1 Nf7 21. Nd3 a4
22. Nc5 a3 23. f5 Na5 24. fxg6 hxg6 25. Qc2 f5 26. Nf4 Nc4 27. Rfe1 Qd6 28. Nxd5
fxg4 29. hxg4 Bxg4 30. Nxb7 Qa6 31. Nc7 1-0

[Event "POHÁR města Říčany 2021"]
[Site "Městské kulturní středisko U labutě"]
[Date "2021.08.24"]
[Round "5.24"]
[White "Petras, Milan"]
[Black "Pressler, Tobias"]
[Result "0-1"]
[WhiteElo "1938"]
[BlackElo "1772"]
[PlyCount "0"]
[EventDate "2021.08.21"]

1. d4 d5 2. c4 Nc6 3. Nc3 Nf6 4. cxd5 Nxd5 5. e4 Nxc3 6. bxc3 e5 7. d5 Ne7
8. f4 exf4 9. Bc4 Ng6 10. Nf3 Bc5 11. Ba3 Qe7 12. Bxc5 Qxc5 13. Qd4 Qxd4
14. cxd4 O-O 15. O-O Bg4 16. Rab1 b6 17. Rfc1 Rfe8 18. Nd2 Kf8 19. Bb5 Re7
20. h3 Bd7 21. Rxc7 Bxb5 22. Rxe7 Kxe7 23. Rxb5 Rc8 24. Rb2 f6 25. Kf2 Rc3
26. Nb1 Rd3 27. Rd2 Rg3 28. Rc2 Nh4 29. Kf1 Kd7 30. Nc3 f3 31. gxf3 Rxf3+
32. Kg1 Rxh3 33. Nb5 Nf3+ 34. Kf1 Rh1+ 35. Ke2 Rh2+ 36. Kd1 Rxc2 37. Kxc2 a6 0-1

[Event "POHÁR města Říčany 2021"]
[Site "Městské kulturní středisko U labutě"]
[Date "2021.08.24"]
[Round "5.25"]
[White "Svetly, Jiri"]
[Black "Skala, Jaromir"]
[Result "0-1"]
[WhiteElo "1852"]
[BlackElo "1887"]
[PlyCount "0"]
[EventDate "2021.08.21"]

1. d4 Nf6 2. c4 g6 3. Nc3 Bg7 4. e4 d6 5. Bg5 h6 6. Bf4 O-O 7. Qd2 Kh7 8. Bd3
Nh5 9. Be3 e5 10. d5 a5 11. h3 Na6 12. Nge2 b6 13. g4 Nf6 14. g5 Ng8 15. O-O-O
h5 16. f4 exf4 17. Bxf4 Nc5 18. Bc2 Nd7 19. Nd4 Ne5 20. Bxe5 Bxe5 21. Nc6 Bxc3
22. bxc3 Qe8 23. e5 dxe5 24. Qe2 Bd7 25. Nxe5 Kg7 26. Rde1 Qe7 27. Qd2 Qa3+
28. Kb1 Be8 29. Qd4 Kh7 30. Ng4 b5 31. cxb5 Bxb5 32. Ka1 Rab8 33. Rb1 c5
34. dxc6 Bxc6 35. Rb3 Rxb3 36. Bxb3 Bxh1 37. Kb1 hxg4 38. Qxg4 Qe7 39. Qh4+ Kg7
40. Qd4+ f6 41. Bxg8 Kxg8 0-1

[Event "POHÁR města Říčany 2021"]
[Site "Městské kulturní středisko U labutě"]
[Date "2021.08.24"]
[Round "5.26"]
[White "Rucabado, Stefan"]
[Black "Vorackova, Jarmila"]
[Result "1-0"]
[WhiteElo "1549"]
[BlackElo "1802"]
[PlyCount "0"]
[EventDate "2021.08.21"]

1. e4 c6 2. d4 d5 3. e5 Bf5 4. Nf3 e6 5. Be2 c5 6. O-O Nc6 7. c3 cxd4 8. cxd4
Qb6 9. Nc3 Be7 10. a3 Rc8 11. Na4 Qc7 12. Be3 f6 13. Rc1 Na5 14. b4 Qb8 15. h3
1-0

[Event "POHÁR města Říčany 2021"]
[Site "Městské kulturní středisko U labutě"]
[Date "2021.08.24"]
[Round "5.27"]
[White "Bartos, Vaclav"]
[Black "Kalvach, Ladislav"]
[Result "1-0"]
[WhiteElo "1879"]
[BlackElo "1771"]
[PlyCount "0"]
[EventDate "2021.08.21"]

1. d4 Nf6 2. c4 e6 3. Nc3 Bb4 4. f3 d5 5. Bg5 Nc6 6. a3 Bxc3+ 7. bxc3 b6 8. Bh4
g5 9. Bf2 h6 10. cxd5 exd5 11. e4 O-O 12. Bd3 Re8 13. Ne2 Ne7 14. Qb1 a5 15. O-O
Ba6 16. Bxa6 Rxa6 17. a4 dxe4 18. fxe4 Ng4 19. Bg3 Ng6 20. Qd3 b5 21. Qxb5 Rxe4
22. Qxa6 Ne7 23. Qd3 Qd7 24. Be5 Rxe2 25. Qxe2 1-0

[Event "POHÁR města Říčany 2021"]
[Site "Městské kulturní středisko U labutě"]
[Date "2021.08.24"]
[Round "5.28"]
[White "Bruna, Matous"]
[Black "Koper, Stefan"]
[Result "1-0"]
[WhiteElo "1623"]
[BlackElo "1827"]
[PlyCount "0"]
[EventDate "2021.08.21"]

1. e4 c6 2. Nc3 e6 3. d4 d5 4. Be3 Nd7 5. e5 b5 6. f4 g6 7. Nf3 Nb6 8. Nd2 a5
9. Bd3 a4 10. O-O h5 11. g3 Nh6 12. h3 Nc4 13. Nxc4 bxc4 14. Be2 Nf5 15. Bf2 Qb6
16. b3 h4 17. g4 Ng3 18. Bxg3 hxg3 19. Nxa4 Qd8 20. g5 Rxh3 21. Kg2 Rh8 22. Kxg3
Qa5 23. Qe1 Qa7 24. Qf2 Qc7 25. Rh1 Rxh1 26. Rxh1 Ba6 27. Nc5 Bxc5 28. dxc5 Ke7
29. bxc4 Qa5 30. cxd5 cxd5 31. Bxa6 Rxa6 32. Rb1 Qxa2 33. Rb7+ Kd8 34. Qe2 Kc8
35. Rxf7 1-0

[Event "POHÁR města Říčany 2021"]
[Site "Městské kulturní středisko U labutě"]
[Date "2021.08.24"]
[Round "5.29"]
[White "Vilimova, Julie"]
[Black "Mach, Jan"]
[Result "0-1"]
[WhiteElo "1805"]
[BlackElo "1742"]
[PlyCount "0"]
[EventDate "2021.08.21"]

1. d4 Nf6 2. c4 e6 3. Nc3 d5 4. Bg5 Be7 5. e3 b6 6. cxd5 Nxd5 7. Bxe7 Nxe7
8. Bd3 Nd7 9. Nge2 Bb7 10. O-O O-O 11. Qc2 Nf6 12. Rad1 c6 13. e4 Ng6 14. a3 Qe7
15. e5 Nd5 16. Ne4 c5 17. Nd6 cxd4 18. Bxg6 hxg6 19. Rxd4 Ba6 20. Re1 Qc7
21. Qe4 f5 22. Qb1 Rad8 23. Nf4 Nxf4 24. Rxf4 Rxd6 25. exd6 Qxd6 26. Ra4 b5
27. Rd1 Qc6 28. Rad4 Bb7 29. f3 Qb6 30. Kh1 Bd5 31. Qc1 a6 32. Qc3 Re8 33. Qb4
Kf7 34. a4 Rb8 35. axb5 axb5 36. Rc1 Ra8 37. h3 Ra4 38. Qxa4 bxa4 39. Rxa4 Qxb2
0-1

[Event "POHÁR města Říčany 2021"]
[Site "Městské kulturní středisko U labutě"]
[Date "2021.08.24"]
[Round "5.30"]
[White "Blazek, Miroslav"]
[Black "Chmelik, Ladislav"]
[Result "0-1"]
[WhiteElo "1801"]
[BlackElo "1732"]
[PlyCount "0"]
[EventDate "2021.08.21"]

1. c4 c5 2. Nc3 Nc6 3. g3 g6 4. Bg2 Bg7 5. Nf3 d6 6. O-O Nf6 7. d4 cxd4 8. Nxd4
Nxd4 9. Qxd4 O-O 10. e4 Nd7 11. Qd3 Nc5 12. Qc2 Rb8 13. Be3 b6 14. Rad1 Ba6
15. Nb5 Qd7 16. a4 Rbc8 17. Rd2 Bb7 18. f3 a6 19. Nc3 Qe6 20. b3 f5 21. Bh3 Qf6
22. Bd4 e5 23. Bf2 Rcd8 24. Nd5 Bxd5 25. Rxd5 fxe4 26. fxe4 Qg5 27. b4 Nb7
28. Bxb6 Rxf1+ 29. Bxf1 Rf8 30. c5 Qe3+ 31. Kg2 Qf3+ 32. Kg1 0-1